• 首页
  • 本馆介绍
  • 公告通知
  • 最新文献
  • 馆藏检索
  • 电子资源
  • 读者导购
  • 参考咨询
  • 我的图书馆
  • 登录
  • 详细信息显示
  • 放入我的书架
  • 预约/预借图书
  • 作者相关作品
  • 分类相关作品
  • 丛书相关作品
  • 出版社相关作品

书目信息

  • 表格格式
  • 工作单格式
  • 卡片格式
题名:
新语通俗读本
    
 
作者: 陆贾原 原著 ;姜爱林 编译
分册:  
出版信息: 北京   新华出版社  2015
页数: 368页
开本: 24cm
丛书名:
单 册:
中图分类: B234.1
科图分类:
主题词: 古典哲学--中国--西汉时代
电子资源:
ISBN: 978-7-5166-1875-2
000 01085nam0 2200277 450
001 012001004285
005 20140928162349.0
010    @a978-7-5166-1875-2@dCNY49.00
100    @a20151101d2015 em y0chiy50 ea
101 0  @achi
102    @aCN@b110000
105    @aab z 000yy
106    @ar
200 1  @a新语通俗读本@9xin yu tong su du ben@e刘邦命名的治国之书@f(西汉)陆贾原著@g姜爱林编译
210    @a北京@c新华出版社@d2015
215    @a368页@c图,地图@d24cm
330    @a西汉陆贾所著《新语》一书反映了作者的政治思想。姜爱林先生对该书进行了注解翻译等,并对陆贾及其著作《新语》的有关情况、历史背景、社会影响等进行了讲解。本书通俗易懂,文白对照,便于现在的读者阅读这一典籍并理解诸葛亮的思想,是一部较好的古籍普及读本。
517 1  @a刘邦命名的治国之书@9liu bang ming ming de zhi guo zhi shu
605    @a《新语》@x译文
605    @a《新语》@x注释
606 0  @a古典哲学@y中国@z西汉时代
690    @aB234.1@v5
701  0 @c(西汉)陆贾@a陆贾原@9lu jia@4原著
702  0 @a姜爱林@9jiang ai lin@4编译
801  0 @aCN@b上海新华@c20180901
905    @b1164677-81@dB234.1@e51@f5
    
    新语通俗读本:刘邦命名的治国之书/(西汉)陆贾原著/姜爱林编译.-北京:新华出版社,2015
    368页:图,地图;24cm
    
    
    ISBN 978-7-5166-1875-2:CNY49.00
    西汉陆贾所著《新语》一书反映了作者的政治思想。姜爱林先生对该书进行了注解翻译等,并对陆贾及其著作《新语》的有关情况、历史背景、社会影响等进行了讲解。本书通俗易懂,文白对照,便于现在的读者阅读这一典籍并理解诸葛亮的思想,是一部较好的古籍普及读本。
●
相关链接 在E读中查询图书 在五车中查询图书 在当当中查询图书 在豆瓣中查询图书


正题名:新语通俗读本     索取号:B234.1/51         预约/预借

序号 登录号 条形码 馆藏地/架位号 状态 备注
1 1164677   211646771   第一样本阅览室/ [索取号:B234.1/51] 在馆    
2 1164678   211646780   第一借阅区/ [索取号:B234.1/51] 在馆    
3 1164679   211646799   第一借阅区/ [索取号:B234.1/51] 在馆    
4 1164680   211646806   第一借阅区/ [索取号:B234.1/51] 在馆    
5 1164681   211646815   第一借阅区/ [索取号:B234.1/51] 在馆    
唐山师范学院图书馆 欢迎您!
大连网信软件有限公司© 版权所有